000 00468nam a2200133 a 4500
008 120416s0000 ||||||||||||||||| || u
020 _a0521387469
050 _aQR 201 Low
100 _aLowrie, Pauline
245 1 0 _aMicroorganisms, biotechnology and disease
260 _aCambridge
_bCUP
_c1991
350 _a0.00
995 _D0.00
_FCBU-MAIN LIBRARY (Kitwe)
_H1
_I0.00
_UAVAILABLE
_ZMain Library Open Access Collection
999 _c51143
_d51143